Logo BPK

Biblioteka

Politechniki Koszalińskiej

Hermann Kesten : (Rekord nr 50615)

Szczegóły MARC
000 -ETYKIETA REKORDU
podpole kontrolne o stałej długości 00663nam a2200193 i 4500
001 - NUMER KONTROLNY REKORDU
pole kontrolne bgj
040 ## - ŹRÓDŁO KATALOGOWANIA
Instytucja, która utworzyła rekord BPK
041 0# - KOD JĘZYKA
Kod języka tekstu ger
044 ## - KOD KRAJU WYDAWCY/PRODUCENTA
Kod kraju wydawcy/producenta DEU
080 ## - UNIWERSALNA KLASYFIKACJA DZIESIĘTNA - UKD
UKD 821.112.2
008 - POLE O STAŁEJ DŁUGOŚCI - DANE KONTROLNE
podpole kontrolne o stałej długości s gw f |000 0 ger
100 1# - NAZWA OSOBOWA
Nazwa osobowa KESTEN, Hermann.
245 10 - TYTUŁ/ODPOWIEDZIALNOŚĆ
Tytuł Hermann Kesten :
Ciąg dalszy tytułu ein Buch der Freunde ;
-- zum 60. Geburtstag am 28. Januar 1960 /
Pozostałe elementy strefy tytułu i oznaczenia odpowiedzialności Überreicht von Verlag Kurt Desch, München, Verlag Kiepenhauer und Witsch, Köln, Büchergilde Gutenberg, Frankfurt am Main.
260 ## - STREFA ADRESU WYDAWNICZEGO
Miejsce wydania München :
Nazwa wydawcy/dystrybutora Verlag Kurt Desch,
Data publikacji, dystrybucji/powstania dokumentu 1960.
300 ## - STREFA OPISU FIZYCZNEGO
Objętość 173, [3] s., [8] k. :
Inne cechy fizyczne il. ;
Rozmiary 19 cm.
600 9# - HASŁO PRZEDMIOTOWE W FORMIE NAZWY OSOBOWEJ
Nazwa osobowa KESTEN, Hermann
650 9# - HASŁO PRZEDMIOTOWE W FORMIE NAZWY OGÓLNEJ LUB JEDNOSTKOWEJ
Nazwa ogólna lub geograficzna Literatura niemiecka
856 ## - LOKALIZACJA I DOSTĘP DO ELEKTRONICZNYCH DOKUMENTÓW ZDALNYCH
Link (URL) http://koha.tu.koszalin.pl/cgi-bin/koha/opac-detail.pl?biblionumber=50615
Tekst linku Katalog online BPK
942 ## - DODATKOWE ELEMENTY (KOHA)
Typ dokumentu Książka
Egzemplarze
Wycofany Status egzemplarza Uszkodzony Dostępność Lokalizacja stała Lokalizacja bieżąca Miejsce przechowywania Sygnatura Kod kreskowy Typ dokumentu
      Tylko na miejscu Biblioteka Politechniki Koszalińskiej Biblioteka Politechniki Koszalińskiej Czytelnia Wydziałowa ul. Kwiatkowskiego 6e N 631 02121574 Książka
© 2023 Biblioteka Politechniki Koszalińskiej :: KOHA